| 000 | 00000nam##2200000za#4500 |
| 001 | 9.631203 |
| 003 | CaOODSP |
| 005 | 20210624214224 |
| 007 | cr ||||||||||| |
| 008 | 150407|2002||||xxc|||||o f|0| 0 fre|d |
| 040 | |aCaOODSP|bfre |
| 043 | |an-cn--- |
| 086 | 1 |aMP43-195/2002F-PDF |
| 110 | 1 |aCanada.|bDéveloppement des ressources humaines Canada. |
| 245 | 13|aLe savoir, clé de notre avenir : |h[ressource électronique]|ble perfectionnement des compétences au Canada - la Stratégie d'innovation du Canada |
| 260 | |aOttawa - Ontario : |bDéveloppement des ressources humaines Canada |c2002. |
| 300 | |a[57]p. (non-paginées). |
| 520 | 3 |aQue tu sois à la recherche de ton premier emploi, un étudiant en recherche d’emploi ou quelqu’un qui cherche à changer de travail, Tu cherches un emploi? peut t’aider dans ta recherche d’emploi ou pour planifier ton cheminement de carrière. |
| 590 | |a03-44|b2003-10-31 |
| 691 | 07|aApprentissage|2gcpds |
| 691 | 07|aEmploi|2gcpds |
| 691 | 07|aInnovation|2gcpds |
| 775 | 08|tLooking for a job - knowledge matters : |w(CaOODSP)9.686740 |
| 776 | 0#|tTu cherches un emploi? |w(CaOODSP)9.681884 |
| 776 | 0#|tTu cherches un emploi? |w(CaOODSP)9.682256 |
| 776 | 0#|tTu cherches un emploi? / |w(CaOODSP)9.682316 |
| 776 | 0#|tTu cherches un emploi? |w(CaOODSP)9.682317 |
| 856 | 40|ahttp://publications.gc.ca|qPDF|s167 Ko|uhttps://publications.gc.ca/collections/Collection/MP43-195-2002F.pdf |